1892 1488 1335 1564 1798 1584 1636 1698 1805 1734 1523 1140 1876 1035 1176 1427 1190 1269 1391 1485 1057 1437 1342 1609 1839 1826 1675 1873 1515 1174 1240 1758 1517 1957 1860 1096 1512 1611 1668 1000 1562 1870 1793 1788 1651 1999 1563 1322 1784 1988 1721 1560 1617 1086 1390 1793 1913 1189 1404 1013 1938 1946 1769 1581 1547 1195 1652 1500 1927 1555 1672 1268 1008 1289 1433 1467 1314 1873 1681 1636 1021 1495 1588 1943 1581 1830 1845 1837 1555 1265 1428 1360 1145 1827 1685 1053 1294 1380 1543 BCNSPRNW ULIB Ver.6.0+V

เปลี่ยนเป็นภาษาไทย

Change to English
 แสดงรายละเอียดบรรณานุกรม
  กลับหน้าหลัก

Brief Record : Get Marc (ISO 2709) : E-mail record : QR code < ปิดหน้าต่าง
LEADER : 00000nam 2200000uu 4500
001    13399121309
003     ULIB
008    020711s2547 th a 000 0 tha d
020    9749226712
050    PL4157^bอ823ท
100    อุทัยวรรณ ฉัตรสุวรรณ
245    ทักษะภาษาไทยเพื่ออาชีพ/^cอุทัยวรรณ ฉัตรสุวรรณ
250    พิมพ์ครั้งที่ 1
260    กรุงเทพฯ :^bศูนย์ส่งเสริมอาชีวะ,^c2547
300    308 หน้า;^b30 ซม.
700 1  จงจิต ม่วงชื่น
700 1  สุรีพร พูลประเสริฐ
945    ^p60^l0^i14153
999    ^aทศพร เกษรทอง
รายการนี้ยังไม่มีแท็ก
คุณยังไม่ได้ล็อกอิน คุณสามารถมีกิจกรรมร่วมกับเว็บไซต์ได้ แต่ต้องล็อกอินก่อน ::
  ล็อกอิน

รายการสื่อสารสนเทศ

ลำดับที่ ประเภท เลขเรียก/บาร์โค้ด สถานที่ สถานะ
1. วิทยาศาสตร์การแพทย์ และสุขภาพ
วิทยาศาสตร์การแพทย์ และสุขภาพ
PL4157 อ823ท  
  Barcode: 14153
ห้องสมุดวิทยาเขตสวรรค์ประชารักษ์
►หนังสือทั่วไป
บนชั้น

BibComment


ยังไม่เคยถูกคอมเมนท์

คอมเมนท์ทรัพยากรรายการนี้
  คอมเมนท์: ทักษะภาษาไทยเพื่อ..


 Copyright 2026. Bcnsprnw @Library